|
|
|
|
| LEADER |
01349nam a2200349 a 4500 |
| 001 |
000481701 |
| 003 |
CZ BrMZK |
| 005 |
20080407100713.0 |
| 007 |
ta |
| 008 |
010907s2000 xr f cze d |
| 020 |
|
|
|a 80-86102-12-2
|
| 040 |
|
|
|a BOA001
|b cze
|
| 072 |
|
7 |
|a 792
|x Divadlo. Divadelní představení
|2 Konspekt
|9 3
|
| 080 |
|
|
|a 792
|2 MRF
|
| 080 |
|
|
|a (048.8)
|2 MRF
|
| 080 |
|
|
|a (046)
|2 MRF
|
| 100 |
1 |
|
|a Grossman, Jan,
|d 1925-1993
|7 jn19981001358
|4 hnr
|
| 245 |
1 |
0 |
|a Jan Grossman.
|n 5, Texty o divadle : sumář článků Jana Grossmana : [sborník v rámci projektu "Odkaz Jana Grossmana divadelníkům]. Část 2 /
|c uspořádali Miloslav Klíma, Jan Dvořák a Zuzana Jindrová]
|
| 246 |
3 |
3 |
|a Odkaz Jana Grossmana divadelníkům
|
| 246 |
3 |
3 |
|a Texty o divadle
|
| 250 |
|
|
|a 1. vyd.
|
| 260 |
|
|
|a Praha :
|b Pražská scéna,
|c 2000
|
| 300 |
|
|
|a 402 s. :
|b barev. il. ;
|c 20 cm
|
| 650 |
0 |
7 |
|a divadlo
|7 ph119513
|2 czenas
|
| 655 |
|
7 |
|a studie
|7 fd133597
|2 czenas
|
| 655 |
|
7 |
|a články
|7 fd133976
|2 czenas
|
| 700 |
1 |
|
|a Dvořák, Jan,
|d 1937-2021
|7 jk01030106
|4 com
|
| 700 |
1 |
|
|a Jindrová, Zuzana,
|d 1952-2023
|7 jx20031124084
|4 com
|
| 700 |
1 |
|
|a Klíma, Miloslav,
|d 1941-
|7 jk01060534
|4 com
|
| 910 |
|
|
|a BOA001
|b 2-1040.727,5
|
| 990 |
|
|
|a BK
|
| 996 |
6 |
|
|b 2610116009
|c 2-1040.727,5
|l MZK
|r Sklad / do 1 hodiny
|n 20
|p p.v.
|w 000481701
|u 000010
|a 1
|e BOA001
|j MZK50
|s P
|